Voices from the Landwash: 11 newfoundland playwrights

Guardat en:
Dades bibliogràfiques
Format: Llibre
Idioma:Undetermined
Publicat: Ontario, Canada Playwrights Canda Press 1997
Matèries:
Etiquetes: Afegir etiqueta
Sense etiquetes, Sigues el primer a etiquetar aquest registre!
Thư viện lưu trữ: Trung tâm Học liệu Trường Đại học Cần Thơ
LEADER 00521nam a2200157Ia 4500
001 CTU_41276
008 210402s9999 xx 000 0 und d
082 |a 812.54 
082 |b V889 
245 0 |a Voices from the Landwash: 11 newfoundland playwrights 
260 |a Ontario, Canada 
260 |b Playwrights Canda Press 
260 |c 1997 
650 |a canadian drama ( english ) - 20th century,canadian drama ( english ) - newfoundland 
904 |i Minh, 010517 
980 |a Trung tâm Học liệu Trường Đại học Cần Thơ